Statistics for RLCS Guess the players Top 7 Teams NA 2021-2022

Click here to take the quiz!

General Stats

  • This quiz has been taken 69 times
  • The average score is 19 of 21

Answer Stats

HintAnswer% Correct
FazeFirstkiller
100%
NRGJustin
100%
SSGArsenal
98%
G2Chicago
98%
NRGGarrettG
98%
NRGSquishy
97%
G2Atomic
95%
SSGDaniel
95%
G2JKnaps
95%
EnvyMist
94%
Version1Torment
92%
SSGRetals
90%
FazeSypical
90%
Version1Beastmode
89%
Version1Comm
89%
ComplexityReysbull
89%
ComplexityAJG
84%
FazeAyyjayy
79%
EnvyDreaz
74%
EnvyAllushin
71%
ComplexityShad
71%

Score Distribution

Percentile by Number Answered

Percent of People with Each Score

Your Score History

You have not taken this quiz